01547cam a22003977a 4500003000500000005001700005008004100022010001000063011001000073035001100083040000900094090001000103100004200113245016300155260004300318300003000361502008200391590003700473590004100510590004100551590004100592590004100633590004200674650002600716650002800742650004200770650002400812650003700836650003700873901000700910905002600917942001000943949005100953999001701004952012801021CHAP20220329142837.0040804d2003 mx a r 00110 spa d a88599 a89571 a100122 cCHAP aTesis00aReyes Quintanar, Claudia katia99695410aFitorremediación de un suelo contaminado con petróleo empleando Jatropha curcas L., una planta productora de biodieselc/por Claudia Katia Reyes Quintanar aMontecillo, Méx. :bEl autor,c2003. a96 h. :bilus. ; gráfs. aTesis (M.C.) -- CP. Instituto de Recursos Naturales. Programa en Edafología aALEPHb10c20130110lUCH01h1459 aBATCH-UPDb10c20130110lUCH01h0310 aBATCH-UPDb10c20130110lUCH01h1726 aBATCH-UPDb10c20130409lUCH01h2342 aBATCH-UPDb10c20130914lUCH01h1614 aCONVERSIONb10c20130109lUCH01h134914aHidrocarburos.95523214aJatropha curcas.96123314aPetróleoxEfecto en plantas.98766114aRizósfera.99782014aSuelosxContaminación.911032714aSuelosxMicroorganismos.9110437 aBK aAlejandra Carrasco M. cTESIS aTesisbBCcTESd1001221eTS1h42265i100122sb c88599d88599 00102local4051708TESISaBCbBCcPA_TESISd2019-12-31fTESISl0oTesisp1001221r2019-12-31 00:00:00w2019-12-31yTESIS